header

Scrap iron (Record no. 12950)

MARC details
000 -LEADER
fixed length control field 01147nam a2200313Ia 4500
100 1# - MAIN ENTRY--AUTHOR NAME
Personal name Brewin, Mark Jay.
245 10 - TITLE STATEMENT
Title Scrap iron
260 ## - PUBLICATION, DISTRIBUTION, ETC. (IMPRINT)
Place of publication Salt Lake City, UT :
Name of publisher University of Utah Press,
Year of publication 2013.
300 ## - PHYSICAL DESCRIPTION
Number of Pages vi, 93 p.
490 1# - SERIES STATEMENT
Series statement The Agha Shahid Ali prize in poetry
650 #0 - SUBJECT ADDED ENTRY--TOPICAL TERM
Topical Term American poetry.
Topical Term Poetry.
856 40 - ELECTRONIC LOCATION AND ACCESS
Uniform Resource Identifier http://site.ebrary.com/lib/rucke/Doc?id=10685275

No items available.

© 2026 Rongo University
Contact us: librarian | system librarian | Rongo university